Úder přijde z mlhy / Karel Vrchovecký ; [předmluvu napsal Miroslav Broft]
V historické reportáži zachytil autor příčiny a průběh německého útoku v Ardenách na přelomu roku 1944-1945. Tato složitá vojenská operace měla rozdělit a postupně zničit americko-britská vojska a oddálit tak hrozící porážku Německa. Dík urychlené sovětské ofenzivě, která si vyžádala přesun části německých divizí ze západní fronty, nedosáhli Němci cíle, pro který byla operace provedena.
Record details
- Physical Description: 193 s., [24] s. obr. příl. : il., mapy, portréty ; 17 cm
- Edition: Vyd. 1.
- Publisher: Praha : Pressfoto, 1976
Content descriptions
| General Note: | 30000 výt. |
| Bibliography, etc. Note: | Obsahuje bibliografii |
Search for related items by series
Available copies
- 1 of 1 copy available at Common Catalog SPOK.
Holds
- 0 current holds with 1 total copy.
Show Only Available Copies
| Location | Call Number / Copy Notes | Barcode | Shelving Location | Status | Due Date |
|---|---|---|---|---|---|
| KDS Library | 810 VrK | 204576801501 | Library | Available | - |
| LDR | 01573nam a22003131 4500 | ||
|---|---|---|---|
| 001 | 21144 | ||
| 003 | CZ-PrJAB | ||
| 005 | 20150713092658.0 | ||
| 007 | ta | ||
| 008 | 970508s1976 xr abcf 000 | cze | ||
| 015 | . | ‡acnb000416276 ‡zcnb000152973 | |
| 020 | . | ‡q(Brož.) : ‡cKčs 10,50 | |
| 035 | . | ‡a(CZ PrNK)bk197803721 | |
| 035 | . | ‡a(OCoLC)4780661 | |
| 040 | . | ‡aABA001 ‡bcze ‡cCBA001 ‡dABA001 | |
| 080 | . | ‡a885-4:940.53"1944/1945" ‡2undef | |
| 100 | 1 | . | ‡aVrchovecký, Karel, ‡d1935-2001 ‡7jk01151048 ‡4aut |
| 245 | 1 | 0. | ‡aÚder přijde z mlhy / ‡cKarel Vrchovecký ; [předmluvu napsal Miroslav Broft] |
| 250 | . | ‡aVyd. 1. | |
| 260 | . | ‡aPraha : ‡bPressfoto, ‡c1976 ‡e(Brandýs nad Labem : ‡ftisk ČTK) | |
| 300 | . | ‡a193 s., [24] s. obr. příl. : ‡bil., mapy, portréty ; ‡c17 cm | |
| 490 | 1 | . | ‡aKontakt ; ‡vsv. 25 |
| 500 | . | ‡a30000 výt. | |
| 504 | . | ‡aObsahuje bibliografii | |
| 520 | . | ‡aV historické reportáži zachytil autor příčiny a průběh německého útoku v Ardenách na přelomu roku 1944-1945. Tato složitá vojenská operace měla rozdělit a postupně zničit americko-britská vojska a oddálit tak hrozící porážku Německa. Dík urychlené sovětské ofenzivě, která si vyžádala přesun části německých divizí ze západní fronty, nedosáhli Němci cíle, pro který byla operace provedena. | |
| 830 | 0. | ‡aKontakt (Pressfoto) | |
| 910 | . | ‡aABE463 | |
| 964 | . | ‡aVálka světová 1939-1945 - Ardeny - operace vojenské - rok 1944-1945 - reportáže dokumentární | |
| 964 | . | ‡aArdeny - vojáci němečtí - operace vojenské - rok 1944-1945 - reportáže dokumentární | |
| 998 | . | ‡a000416276 | |
| 901 | . | ‡a21144 ‡b ‡c21144 ‡tbiblio | |